La economía de un sistema de mercados en México : (Record no. 67111)
[ view plain ]
| 000 -LEADER | |
|---|---|
| fixed length control field | 01146cam a2200253 4500 |
| 008 - FIXED-LENGTH DATA ELEMENTS--GENERAL INFORMATION | |
| fixed length control field | 090309s1957 mx a 000 0 spa u |
| 050 04 - LIBRARY OF CONGRESS CALL NUMBER | |
| Classification number | HF5473.M4 |
| Item number | M35 1957 |
| 100 1# - MAIN ENTRY--PERSONAL NAME | |
| Personal name | Malinowsky, Bronislaw |
| 245 13 - TITLE STATEMENT | |
| Title | La economía de un sistema de mercados en México : |
| Remainder of title | un ensayo de etnografía contemporánea y cambio social en un valle mexicano / |
| Statement of responsibility, etc | Bronislaw Malinowsky, Julio de la Fuente; traducción de Antonio Pérez Elías,Antonio Ordóñez Estopier, Benito Iglesias Soto |
| 250 ## - EDITION STATEMENT | |
| Edition statement | 1a ed. |
| 260 ## - PUBLICATION, DISTRIBUTION, ETC. (IMPRINT) | |
| Place of publication, distribution, etc | México : |
| Name of publisher, distributor, etc | Escuela Nacional de Antropología e Historia, |
| Date of publication, distribution, etc | 1957 |
| 300 ## - PHYSICAL DESCRIPTION | |
| Extent | 186 p. : |
| Other physical details | il. ; |
| Dimensions | 23 cm. |
| 440 #0 - SERIES STATEMENT/ADDED ENTRY--TITLE | |
| Title | Acta anthropológica ; |
| Number of part/section of a work | Época 2 volumen I ; |
| Volume number/sequential designation | no. 2 |
| 504 ## - BIBLIOGRAPHY, ETC. NOTE | |
| Bibliography, etc | Incluye bibliografía |
| 650 #7 - SUBJECT ADDED ENTRY--TOPICAL TERM | |
| Topical term or geographic name as entry element | Mercados |
| Geographic subdivision | Oaxaca |
| Source of heading or term | Librunam |
| 650 #7 - SUBJECT ADDED ENTRY--TOPICAL TERM | |
| Topical term or geographic name as entry element | Etnología |
| Geographic subdivision | Oaxaca |
| Source of heading or term | Librunam |
| 651 #7 - SUBJECT ADDED ENTRY--GEOGRAPHIC NAME | |
| Geographic name | Oaxaca |
| General subdivision | Condiciones sociales |
| Source of heading or term | Librunam |
| 700 1# - ADDED ENTRY--PERSONAL NAME | |
| Personal name | Fuente, Julio de la, coaut. |
| 700 1# - ADDED ENTRY--PERSONAL NAME | |
| Personal name | Pérez Elías, Antonio, tr. |
| 700 1# - ADDED ENTRY--PERSONAL NAME | |
| Personal name | Ordóñez Estopier, Antonio, tr. |
| 710 1# - ADDED ENTRY--CORPORATE NAME | |
| Corporate name or jurisdiction name as entry element | México |
| Subordinate unit | Escuela Nacional de Antropología e Historia |
| -- | Sociedad de Alumnos |
| 942 ## - ADDED ENTRY ELEMENTS (KOHA) | |
| Source of classification or shelving scheme | Biblioteca del Cogreso de los Estados Unidos |
| Koha item type | Libro |
| Estado de pérdida | Fuente de clasificación | Estado del daño | No para préstamo | Ubicación permanente | Ubicación actual | Apartado o colección | Fecha de adquisición | Edición | Dependencia de educación superior (DES) | Área del conocimiento | Clasificación | Código de Barras | Date last seen | Número de copia | Tipo de recurso |
|---|---|---|---|---|---|---|---|---|---|---|---|---|---|---|---|
| Biblioteca del Cogreso de los Estados Unidos | Biblioteca del Instituto de Investigaciones Históricas | Biblioteca del Instituto de Investigaciones Históricas | General | 03/09/2018 | 1a ed. | Humanidades | Ciencias Sociales y Administrativas | HF5473.M4 M35 1957 | IIH000003394 | 03/09/2018 | C:1 | Libro |